[Event "CHI-chT Universities"]
[Site "Chile"]
[Date "2009.10.29"]
[Round "5"]
[White "Cuadros Betancur, Christian"]
[Black "Gonzalez Rodriguez, Alejandro"]
[Result "0-1"]
[WhiteElo "1779"]
[BlackElo "2139"]
[PlyCount "112"]
[EventDate "2009.10.27"]
[EventType "team-swiss"]
[EventRounds "7"]
[EventCountry "CHI"]
[SourceTitle "EXT 2012"]
[Source "ChessBase"]
[SourceDate "2011.11.24"]
[SourceVersion "1"]
[SourceVersionDate "2011.11.24"]
[SourceQuality "1"]

1. e4 c5 2. Nc3 Nc6 3. Bb5 Nd4 4. Bc4 g6 5. Nf3 Bg7 6. 0-0 e6 7. d3 Ne7 8. Bg5 0-0 9. Nxd4 cxd4 10. Ne2 h6 11. Bh4 g5 12. Bg3 d5 13. exd5 Nxd5 14. Bxd5 Qxd5 15. f4 f5 16. Qd2 g4 17. Bh4 b5 18. a4 Bb7 19. Rf2 a6 20. Qb4 Rfc8 21. Ng3 Qc5 22. Qe1 Kf7 23. Re2 Bd5 24. Nh5 Bh8 25. Bf2 Qc6 26. Qb4 a5 27. Qxb5 Qxb5 28. axb5 a4 29. Be1 Rc5 30. b3 a3 31. Ra2 Rxb5 32. Bd2 Kg6 33. Ng3 Rc5 34. Nf1 Rb5 35. Be1 Bf6 36. Nd2 Rb7 37. Nb1 Be7 38. Bf2 Bc5 39. c4 Rxb3 40. cxd5 Rxb1+ 41. Be1 Bb4 42. Rxe6+ Kf7 43. Kf2 Rb2+ 44. Re2 Rxe2+ 45. Kxe2 Re8+ 46. Kd1 Rxe1+ 47. Kc2 Re2+ 48. Kb3 Rxa2 49. Kxa2 Ke7 50. g3 Kd6 51. Kb3 Kxd5 52. Ka2 Kc6 53. Kb3 Kb5 54. Ka2 Ka4 55. Kb1 Bc3 56. Ka2 h5 0-1

[Event "Santiago Endesa 12"]
[Site "Santiago de Chile"]
[Date "2009.07.10"]
[Round "5"]
[White "Gonzalez Rodriguez, Alejandro"]
[Black "Escudero Donoso, Felipe"]
[Result "1-0"]
[WhiteElo "2128"]
[BlackElo "2094"]
[PlyCount "99"]
[EventDate "2009.07.01"]
[EventType "tourn"]
[EventRounds "11"]
[EventCountry "CHI"]
[SourceTitle "EXT 2012"]
[Source "ChessBase"]
[SourceDate "2011.11.24"]
[SourceVersion "1"]
[SourceVersionDate "2011.11.24"]
[SourceQuality "1"]

1. e4 c5 2. Nf3 d6 3. d4 cxd4 4. Nxd4 Nf6 5. Nc3 Nc6 6. Bg5 e6 7. Qd2 a6 8. 0-0-0 h6 9. Be3 Be7 10. Be2 Nxd4 11. Qxd4 0-0 12. f4 Qa5 13. Qb6 Bd8 14. Qxa5 Bxa5 15. Bf3 Bc7 16. Na4 Nd7 17. c4 Rb8 18. Ba7 Ra8 19. Be3 Rb8 20. Nc3 b5 21. cxb5 axb5 22. Be2 b4 23. Nb5 Ba6 24. Nxc7 Bxe2 25. Rxd6 Nf6 26. e5 Ne8 27. Nxe8 Rfxe8 28. b3 Bg4 29. Kb2 Rec8 30. Rc1 Bf5 31. Rxc8+ Rxc8 32. Rd2 Kh7 33. Bb6 Be4 34. Ba5 Rb8 35. g3 Rb5 36. Bd8 Kg6 37. Be7 Rb7 38. Bd6 Rb6 39. Rd4 Kf5 40. Bxb4 f6 41. Bd6 Bd5 42. b4 Ra6 43. a3 Kg4 44. b5 Ra5 45. a4 Kh3 46. Ka3 Kxh2 47. Kb4 Ra7 48. exf6 gxf6 49. f5 Rd7 50. Kc5 1-0

[Event "Santiago Endesa 12"]
[Site "Santiago de Chile"]
[Date "2009.07.06"]
[Round "3"]
[White "Gonzalez Rodriguez, Alejandro"]
[Black "Perez Gormaz, Matias Ariel"]
[Result "1/2-1/2"]
[WhiteElo "2128"]
[BlackElo "1984"]
[PlyCount "125"]
[EventDate "2009.07.01"]
[EventType "tourn"]
[EventRounds "11"]
[EventCountry "CHI"]
[SourceTitle "EXT 2012"]
[Source "ChessBase"]
[SourceDate "2011.11.24"]
[SourceVersion "1"]
[SourceVersionDate "2011.11.24"]
[SourceQuality "1"]

1. e4 c5 2. Nf3 d6 3. d4 cxd4 4. Nxd4 Nf6 5. Nc3 a6 6. Bg5 e6 7. f4 Nbd7 8. Bc4 Qa5 9. Qe2 h6 10. Bxf6 Nxf6 11. Nb3 Qc7 12. a4 Be7 13. 0-0 0-0 14. Kh1 b6 15. Rae1 Bb7 16. f5 Rfc8 17. Nd2 e5 18. Bb3 Qc5 19. Qd3 Rab8 20. Nc4 b5 21. axb5 axb5 22. Ne3 b4 23. Ncd5 Nxd5 24. Bxd5 Bg5 25. Bxb7 Rxb7 26. Nd5 Qxc2 27. Qg3 Kh8 28. f6 Bxf6 29. Nxf6 gxf6 30. Qh4 Qd2 31. Qxf6+ Kg8 32. Rd1 Qg5 33. Qf2 Rbc7 34. Rxd6 Qf4 35. h3 Qxf2 36. Rxf2 Rc2 37. Rdf6 Rxf2 38. Rxf2 Rc4 39. Re2 b3 40. Re3 Rb4 41. Kg1 Kf8 42. Kf2 Ke7 43. Kf3 Ke6 44. g4 Kf6 45. h4 Kg6 46. Rc3 Rb6 47. Rc5 f6 48. h5+ Kg5 49. Kg3 Rd6 50. Rc3 Rd1 51. Rxb3 Rg1+ 52. Kh3 Rh1+ 53. Kg2 Rb1 54. Kf3 Rf1+ 55. Kg2 Rf4 56. Rf3 Rxe4 57. Rf5+ Kxg4 58. Rxf6 Kxh5 59. Kf3 Rb4 60. Rf5+ Kg6 61. Rxe5 Rb3+ 62. Kg4 Rxb2 63. Re6+ 1/2-1/2

[Event "Santiago Endesa 02"]
[Site "Santiago de Chile"]
[Date "2009.03.20"]
[Round "3"]
[White "Gonzalez Rodriguez, Alejandro"]
[Black "Cuevas Araya, Walter"]
[Result "1/2-1/2"]
[WhiteElo "2050"]
[BlackElo "2182"]
[PlyCount "112"]
[EventDate "2009.03.16"]
[EventType "tourn"]
[EventRounds "11"]
[EventCountry "CHI"]
[SourceTitle "EXT 2012"]
[Source "ChessBase"]
[SourceDate "2011.11.24"]
[SourceVersion "1"]
[SourceVersionDate "2011.11.24"]
[SourceQuality "1"]

1. e4 c6 2. d4 d5 3. exd5 cxd5 4. c4 Nf6 5. Nc3 g6 6. Nf3 Bg7 7. cxd5 Nxd5 8. Bc4 Nb6 9. Bb3 0-0 10. Ne5 Nc6 11. Nxc6 bxc6 12. Be3 Ba6 13. Ne4 Nc4 14. Nc5 Qa5+ 15. Bd2 Nxd2 16. Qxd2 Qxd2+ 17. Kxd2 Bc8 18. Ke3 e5 19. dxe5 Bxe5 20. Nd3 Bf6 21. Rac1 Bb7 22. Nc5 Rfe8+ 23. Kf3 Bc8 24. Rhe1 Rd8 25. g4 Rb8 26. Rc2 Rb4 27. h3 Kf8 28. Re4 Rbd4 29. Rce2 Rxe4 30. Rxe4 Bxb2 31. Rf4 f6 32. Ne6+ Bxe6 33. Bxe6 Ke7 34. Bb3 Rd4 35. Re4+ Rxe4 36. Kxe4 a5 37. f3 g5 38. Bg8 h6 39. Kd3 Kd6 40. Kc4 Bc1 41. Bh7 a4 42. Bg6 a3 43. Bh7 Bb2 44. Bg6 Bc1 45. Be4 c5 46. Bf5 Bd2 47. Kd3 Bb4 48. Ke4 Ba5 49. Bg6 Bc3 50. Bf7 Be1 51. Bg8 Kc6 52. Bc4 Bf2 53. Kf5 Bd4 54. Ke4 Kb6 55. Bd3 Bf2 56. Bc4 Kc7 1/2-1/2

[Event "Santiago Endesa 02"]
[Site "Santiago de Chile"]
[Date "2009.03.16"]
[Round "1"]
[White "Moran Reyes, Paulo"]
[Black "Gonzalez Rodriguez, Alejandro"]
[Result "0-1"]
[WhiteElo "2149"]
[BlackElo "2050"]
[PlyCount "80"]
[EventDate "2009.03.16"]
[EventType "tourn"]
[EventRounds "11"]
[EventCountry "CHI"]
[SourceTitle "EXT 2012"]
[Source "ChessBase"]
[SourceDate "2011.11.24"]
[SourceVersion "1"]
[SourceVersionDate "2011.11.24"]
[SourceQuality "1"]

1. e4 c5 2. c3 Nf6 3. e5 Nd5 4. Nf3 e6 5. Bc4 Nb6 6. Bb3 Nc6 7. 0-0 d6 8. exd6 Bxd6 9. d4 cxd4 10. cxd4 0-0 11. Nc3 Nd5 12. Nxd5 exd5 13. h3 Be7 14. Bc2 Nb4 15. Bb1 Bf6 16. Ne5 g6 17. f4 Nc6 18. Be3 Bg7 19. Qb3 Qb6 20. Qxb6 axb6 21. Rc1 Re8 22. Bf2 Nxe5 23. fxe5 f6 24. exf6 Bxf6 25. Bd3 Bd7 26. a3 Ra4 27. b3 Rxd4 28. Bxd4 Bxd4+ 29. Kf1 Bxa1 30. Rxa1 Re3 31. Bc2 Bb5+ 32. Kg1 Kf7 33. Rd1 Ke6 34. Rd2 Re2 35. Rxe2+ Bxe2 36. Kf2 Bb5 37. h4 Ke5 38. Ke3 d4+ 39. Kd2 Kf4 40. Ke1 Ke3 0-1

[Event "Santiago Endesa 14"]
[Site "Santiago de Chile"]
[Date "2008.09.08"]
[Round "7"]
[White "Gonzalez Rodriguez, Alejandro"]
[Black "Romero Araya, Diego Alonso"]
[Result "0-1"]
[WhiteElo "2050"]
[BlackElo "2140"]
[PlyCount "84"]
[EventDate "2008.08.18"]
[EventType "tourn"]
[EventRounds "9"]
[EventCountry "CHI"]
[SourceTitle "EXT 2012"]
[Source "ChessBase"]
[SourceDate "2011.11.24"]
[SourceVersion "1"]
[SourceVersionDate "2011.11.24"]
[SourceQuality "1"]

1. e4 c6 2. d3 d5 3. Nd2 e5 4. Ngf3 Bd6 5. g3 Nf6 6. Bg2 0-0 7. 0-0 Qc7 8. Re1 Be6 9. Nh4 Rd8 10. Qe2 Nbd7 11. c3 Bf8 12. Nf1 h6 13. h3 a5 14. Be3 dxe4 15. dxe4 Nc5 16. Bxc5 Bxc5 17. b3 b5 18. Rac1 Rd7 19. Red1 Rad8 20. Nf5 a4 21. Qc2 Qa7 22. N5e3 Rxd1 23. Rxd1 Rxd1 24. Nxd1 Nd7 25. Nd2 Nb6 26. b4 Be7 27. a3 Qd7 28. Kh2 Bg5 29. Ne3 Bxe3 30. fxe3 Bb3 31. Qc1 Qd3 32. Nf3 Nc4 33. Kg1 Qd1+ 34. Qxd1 Bxd1 35. Kf2 Bxf3 36. Bxf3 Nxa3 37. Bd1 Nb1 38. c4 a3 39. Bb3 Nd2 40. cxb5 cxb5 41. Ba2 Nxe4+ 42. Ke1 Nc3 0-1

[Event "Santiago Endesa 14"]
[Site "Santiago de Chile"]
[Date "2008.09.03"]
[Round "8"]
[White "Hernandez Riera, Jose de Jesus"]
[Black "Gonzalez Rodriguez, Alejandro"]
[Result "1-0"]
[WhiteElo "2074"]
[BlackElo "2050"]
[PlyCount "59"]
[EventDate "2008.08.18"]
[EventType "tourn"]
[EventRounds "9"]
[EventCountry "CHI"]
[SourceTitle "EXT 2012"]
[Source "ChessBase"]
[SourceDate "2011.11.24"]
[SourceVersion "1"]
[SourceVersionDate "2011.11.24"]
[SourceQuality "1"]

1. d4 Nf6 2. c4 g6 3. Nc3 Bg7 4. e4 d6 5. f3 e5 6. d5 Nh5 7. Be3 f5 8. Nge2 c5 9. dxc6 Nxc6 10. Qd2 Be6 11. Nb5 0-0 12. Nec3 a6 13. Qxd6 Qc8 14. Nc7 Bf7 15. Nxa8 Qxa8 16. 0-0-0 Rd8 17. Qc7 Nd4 18. Nd5 Bxd5 19. exd5 b5 20. Bxd4 exd4 21. Qc6 Qb8 22. c5 Nf4 23. Qb6 Qc8 24. Qc6 Qb8 25. Kb1 Nxd5 26. Bd3 Kh8 27. Rhe1 Qxh2 28. Re8+ Bf8 29. Rxd8 Nc3+ 30. bxc3 1-0

[Event "Santiago Endesa 14"]
[Site "Santiago de Chile"]
[Date "2008.09.01"]
[Round "5"]
[White "Gonzalez Rodriguez, Alejandro"]
[Black "Moran Reyes, Juan"]
[Result "1-0"]
[WhiteElo "2050"]
[BlackElo "2149"]
[PlyCount "49"]
[EventDate "2008.08.18"]
[EventType "tourn"]
[EventRounds "9"]
[EventCountry "CHI"]
[SourceTitle "EXT 2012"]
[Source "ChessBase"]
[SourceDate "2011.11.24"]
[SourceVersion "1"]
[SourceVersionDate "2011.11.24"]
[SourceQuality "1"]

1. e4 c5 2. Nf3 e6 3. d3 Nc6 4. g3 d5 5. Nbd2 Nf6 6. Bg2 Be7 7. 0-0 b5 8. Re1 dxe4 9. Ng5 Bb7 10. Ngxe4 Nd5 11. Nb3 Qb6 12. c4 Nf6 13. Nxf6+ Bxf6 14. Qh5 Nd4 15. Bxb7 Qxb7 16. Nxd4 Bxd4 17. Rxe6+ Kf8 18. Re2 g6 19. Bh6+ Kg8 20. Rae1 f6 21. Re8+ Rxe8 22. Rxe8+ Kf7 23. Rxh8 gxh5 24. Rxh7+ Kg6 25. Rxb7 1-0